1000 ganz legale Steuertricks für alle, die zuviel Lohn- und Einkommensteuer zahlen

Salvato in:
Dettagli Bibliografici
Autore principale: Konz, Franz
Natura: Libro
Lingua:tedesco
Pubblicazione: München Knaur 2001
Soggetti:
Tags: Aggiungi Tag
Nessun Tag, puoi essere il primo ad aggiungerne!!

MARC

LEADER 00000nam$a2200000$$$4500
001 0070470
005 20221129094838.5
020 |a 3-426-82348-9 
041 0 |a ger 
044 |a DE 
245 1 0 |a 1000 ganz legale Steuertricks  |b für alle, die zuviel Lohn- und Einkommensteuer zahlen  |c Franz Konz 
264 1 |a München  |b Knaur  |c 2001 
300 |a 1040 s. 
610 2 0 |a dane 
610 2 0 |a dane z príjmov 
610 2 0 |a dane zo mzdy 
610 2 0 |a priznania daňové 
610 2 0 |a zákony 
610 2 0 |a predpisy daňové 
610 2 0 |a poradenstvo 
610 2 0 |a formuláre 
610 2 0 |a Nemecko 
100 1 |a Konz, Franz